Online Catalogue and eLibrary

Maha danaka daa kawa (Record no. 4836)

MARC details
000 -LEADER
fixed length control field 00363nam a2200145Ia 4500
005 - DATE AND TIME OF LATEST TRANSACTION
control field 20250627025749.0
008 - FIXED-LENGTH DATA ELEMENTS--GENERAL INFORMATION
fixed length control field 240331s9999 xx 000 0 und d
082 ## - DDC Classification
Item Number - Author Mark DHA
Class No. 891
100 ## - MAIN ENTRY--PERSONAL NAME
Personal name Dharmapriya,W.De S
245 #0 - TITLE STATEMENT
Title Maha danaka daa kawa
260 ## - PUBLICATION, DISTRIBUTION, ETC.
Place of publication, distribution, etc. nugegoda
Name of publisher, distributor, etc. M.D.Gunasena & Co
Date of publication, distribution, etc. 1966
300 ## - PHYSICAL DESCRIPTION
Extent (e.g. Volumes, Pages etc.) 201 p .,
500 ## - GENERAL NOTE
General note Circle on maha Danaka
942 ## - Koha item type (Biblio)
Koha item type Books in Stacks (Lending)
Holdings
Lost status Damaged status Collection code Home library Current library Shelving location Date acquired Full call number Accession Number Item type
    Lending WERC Library WERC Library Social Science Cupboard 03/31/2024 891.48 DHA 888 Books in Stacks (Lending)

© WERC Library